|
|
|
|
| LEADER |
01253pam a22003858a 4500 |
| 001 |
00032817 |
| 005 |
20171026081025.0 |
| 008 |
141128s2014 ||||||Viesd |
| 020 |
# |
# |
|c 119000
|a 97860446510833
|
| 041 |
0 |
# |
|a Vie
|
| 082 |
1 |
4 |
|a 303.3
|b T550TH
|
| 100 |
1 |
# |
|a Hòa, Nhân
|
| 245 |
0 |
0 |
|a Tứ thư lãnh đạo
|c Hòa Nhân; Nguyễn Thị Thanh, Nguyễn Đức Anh, Phan Vũ Tuấn Anh (dịch)
|b Thuật lãnh đạo
|
| 260 |
# |
# |
|a Hà Nội
|b Lao động Xã hội; Công ty Sách Thái Hà
|c 2014
|
| 300 |
# |
# |
|a 421 tr.
|c 24 cm.
|
| 490 |
# |
# |
|a Tủ sách V-Biz
|
| 653 |
# |
# |
|a Bí quyết
|
| 653 |
# |
# |
|a Kỹ năng
|
| 653 |
# |
# |
|a Đức tính
|
| 653 |
# |
# |
|a Tứ thư
|
| 653 |
# |
# |
|a Thành công
|
| 653 |
# |
# |
|a Lãnh đạo
|
| 700 |
1 |
# |
|a Hòa, Nhân
|e Tác giả
|
| 700 |
1 |
# |
|a Nguyễn, Thị Thanh
|e Dịch
|
| 700 |
1 |
# |
|a Nguyễn, Đức Anh
|e Dịch
|
| 700 |
1 |
# |
|a Phan, Vũ Tuấn Anh
|e Dịch
|
| 852 |
# |
# |
|j KM.0017708
|j KD.0016315
|
| 852 |
# |
# |
|b Kho đọc
|j KD.0016315
|
| 852 |
# |
# |
|b Kho mượn
|j KM.0017708
|
| 910 |
0 |
# |
|d 28/11/2014
|
| 980 |
# |
# |
|a Trung tâm Học liệu Lê Vũ Hùng, Trường Đại học Đồng Tháp
|